LEADER 01412nam a2200313 a 4500 001 000000128338 003 CaOOAMICUS 005 20120413094345.0 008 120413s2004 it u000 u ita r 020 $a88-901001-6-8 040 $aPUL$bita 082 04$a262.142 100 1 $aDe Santi, Michele.$0(OLS)http://pul/name/82002 245 12$aL'abito ecclesiastico :$bsua valenza e storia /$cMichele De Santi e il contributo di Franco Cardini ; premessa del Card. Darío Castrillón Hoyos. 260 $aRavenna :$bEdizioni Carismatici francescani,$c©2004. 300 $a317 p. ;$c19 cm. 504 $aBibliografia in nota. 650 4$aSacerdozio$xAbiti.$0(OLS)http://pul/subject/38584 700 1 $aCardini, Franco,$d1940-$0(OLS)http://pul/name/5528 700 1 $aCastrillon Hoyos, Dario,$ccard.$0(OLS)http://pul/name/73289 850 $aPUL 852 $aPUL$W1$xDP2 Religione 3$y114$m262. 142 DESMI 1$j148634$qDDC 21$B147163$CPULBib$Z2$F147163 $H119213 $82 941 1 $a9 961 $aGentile omaggio dell'editore. A. Musolesi, 7.2.2012 996 $6020$a88-901001-6-8$9(OLS)http://pul/number/149411 996 $6082$a262.142$9(OLS)http://pul/classification/580 996 $6245$aL'abito ecclesiastico :$bsua valenza e storia$9(OLS)http://pul/title/162188 996 $6260$aRavenna :$bEdizioni Carismatici francescani$9(OLS)http://pul/publisher/81955 LEADER 01436nam a2200301 a 4500 001 000000174978 003 CaOOAMICUS 005 20220215172448.0 008 220215s2010 mau 001 u eng r 020 $a978-1-4051-6887-8* 032 $aLibriCat 040 $aPUL$bita$d 082 00$a241 245 00$aChristian ethics : $ban introductory reader /$cedited by Samuel Wells. 260 $aMalden, MA :$bWiley-Blackwell,$c2010. 300 $aXV, 338 p. ;$c25 cm 504 $aInclude riferimenti bibliografici e indici. 505 00$aTitoli dei capitoli: The story of God -- The story of the church -- The story of ethics -- The story of Christian ethics -- Universal ethics -- Subversive ethics -- Ecclesial ethics -- Good order -- Good life -- Good relationships -- Good beginnings and endings -- Good earth. 650 4$aEtica cristiana.$0(OLS)http://pul/subject/1395 700 1 $aWells, Samuel.$0(OLS)http://pul/name/112484 850 $aPUL 852 $aPUL$W1$xSL Religione 3$y85$m241 WELSA 1$j199285$qDDC 21$B203951$CPULBib$Z2$F203951 $H135370 $82 941 1 $a9 996 $6020$a978-1-4051-6887-8*$9(OLS)http://pul/number/168489 996 $6082$a241$9(OLS)http://pul/classification/246 996 $6245$aChristian ethics : $ban introductory reader$9(OLS)http://pul/title/216370 996 $6260$aMalden, MA :$bWiley-Blackwell$9(OLS)http://pul/publisher/82326